000 00840nam a2200277 a 4500
003 ARRUPE
005 20150716164257.0
008 811026s1978 gh ab b 001 0 eng 0
010 _a 80154802
035 _aABM2802LB
035 _a(OCoLC)ocm06643748
040 _aDLC
_cDLC
_dm/c
_dSMI
_dWaOLN
043 _afw-----
049 _aSMJD
_l39088005742895
050 0 0 _aBL2465
_b.O66 1978
099 _aBL2465.O66 1978X
100 1 _aOpoku, Kofi Asare.
_918319
245 1 0 _aWest African traditional religion /
_cKofi Asare Opoku.
260 _aAccra, [Ghana] :
_bFEP International Private Limited,
_cc1978.
300 _a182 p. :
_bill., map ;
_c21 cm.
500 _aIncludes index.
504 _aBibliography: p. [171]-173.
651 0 _aAfrica, West
_xReligion.
_918320
942 _2lcc
_cMONOGRAPH
945 _aTS/ka/10-11-88
999 _c122974
_d122974